000 00240nam a22001097a 4500
008 170125b xxu||||| |||| 00| 0 eng d
020 _a9780763740962
041 _aeng
080 _a618.2
245 _aNCLEX-RN
_cHOYSON, P.M
942 _2udc
_cBK
999 _c3593
_d3593